| 000 | 00972nam a2200277 4500 | ||
|---|---|---|---|
| 001 | bimo0001962316 | ||
| 003 | DO-SdBNP | ||
| 005 | 20240226121820.0 | ||
| 008 | 040820s2004 sp | ||| ||spa | ||
| 020 | _a8467013281 | ||
| 040 |
_aBPMSU _bspa _cBPMSU |
||
| 082 | 4 |
_aR036.1 _bG748e 2004 _222 |
|
| 245 | 0 | 0 |
_aGran enciclopedia universal / _cdirector Antonio Merodio Cogolludo; Editora Marisa Javierre González |
| 260 |
_aMadrid, España : _bEspasa Calpe, _c2004 |
||
| 300 |
_av : _bil.; _c23 cm |
||
| 490 | 0 |
_aBiblioteca el mundo, _v29 |
|
| 505 | 0 | _av.17 : Suscribir-Vals -- v.18 : Valsar-Zirianos | |
| 534 |
_aTítulo original : _tDictionary of beliefs and religions |
||
| 590 |
_6 _aInventariado, 2024/VM |
||
| 650 | 4 |
_aEnciclopedias y diccionarios _v _2 |
|
| 700 | 1 |
_aMerodio Cogolludo, Antonio _edirector |
|
| 700 | 1 |
_aJavierre González, Marisa _eeditora |
|
| 710 | 2 | _aEspasa Calpe | |
| 910 | _aVMateo V. Control de calidad. BPMSU | ||
| 942 |
_2ddc _cBK |
||
| 999 |
_c14577 _d14577 |
||